Contabilidad 4 /

Guardado en:
Autor Principal: Pittao, Rodolfo L.
Formato: Libro
Publicado: Buenos Aires : Estrada, 1988
Materias:
Etiquetas: Agregar Etiqueta
Sin Etiquetas, Sea el primero en etiquetar este registro!
LEADER 01623nam a22003375a 4500
001 CEM.cems005077
005 20060217000000.0
008 130507s1988##################000#0#####d
003 CEMS
082 0 4 |a 657 
100 1 |a Pittao, Rodolfo L. 
245 1 0 |a Contabilidad 4 / 
260 |a Buenos Aires :  |b Estrada,  |c 1988 
300 |a 188 p. 
505 0 |a Bancos.-Seguros.-Empresas de servicios.-La contabilidad y el tratamiento contable de ciertas operaciónes.-Los estados contables.-Tareas previas y posteriores a la confecci¢n de los estados contables.-Elementos b sicos de an lisis e interpretaci¢n de balances.-La funci¢n de control en la empresa 
653 |a Acciones 
653 |a Ajuste por inflacion 
653 |a Contabilidad 
653 |a Contabilidad 4to. año 
653 |a Debentures 
859 |a CEMS  |b BIB. CEMS - 11 de abril  |h 657  |i P686/IV  |p 16032.91  |t Ej.1 
859 |a CEMS  |b BIB. CEMS - 11 de abril  |h 657  |i P686/IV  |p 16033.91  |t Ej.2 
859 |a CEMS  |b BIB. CEMS - 11 de abril  |h 657  |i P686/IV  |p 16034.91  |t Ej.3 
859 |a CEMS  |b BIB. CEMS - 11 de abril  |h 657  |i P686/IV  |p 16035.91  |t Ej.4 
859 |a CEMS  |b BIB. CEMS - 11 de abril  |h 657  |i P686/IV  |p 16036.91  |t Ej.5 
859 |a CEMS  |b BIB. CEMS - 11 de abril  |h 657  |i P686/IV  |p 16474.92  |t Ej.6 
859 |a CEMS  |b BIB. CEMS - 11 de abril  |h 657  |i P686/IV  |p 16475.92  |t Ej.7 
859 |a CEMS  |b BIB. CEMS - 11 de abril  |h 657  |i P686/IV  |p 16476.92  |t Ej.8 
859 |a CEMS  |b BIB. CEMS - 11 de abril  |h 657  |i P686/IV  |p 16477.92  |t Ej.9 
859 |a CEMS  |b BIB. CEMS - 11 de abril  |h 657  |i P686/IV  |p 16478.92  |t Ej.10 
859 |a CEMS  |b BIB. CEMS - 11 de abril  |h 657  |i P686/IV  |p 16784.92  |t Ej.11